Spell the Marvel Character #38 - Statistics

General Stats
  • This quiz has been taken 38 times
  • The average score is 4 of 5
Answer Stats
Picture Answer % Correct
Hulk
100%
Kitty Pryde
69%
Union Jack
66%
Husk
62%
Spider-Man 2099
62%
No matching quizzes found
Score Distribution
Percent of People with Each Score
Percentile by Number Answered
Your Score History
You have not taken this quiz